عرض عادي عرض مارك
  • Stars

مدخل مصطلح موضوعي

عدد التسجيلات المستخدمة في: 1

001 - رقم الضبط

  • حقل الضبط: 42188

003 - معرف رقم الضبط

  • حقل الضبط: OSt

005 - تاريخ ووقت أخر عملية

  • حقل الضبط: 20140111141945.0

008 - عناصر بيانات ثابتة الطول

  • حقل تحكم ثابت الطول: 140111|||a|||||| | ||| d

040 ## - مصدر الفهرسة

  • هيئة الفهرسة الأصلية: OSt
  • وكالة الكتابة: OSt

150 ## - مدخل-- مصطلح تاريخي

  • عنصر مدخل المصطلح الموضوعي او الاسم الجغرافي: Stars
  • تفريع عام: Evolution
  • تفريع شكلي: Textbooks.

670 ## - بيانات المصدر موجوده

  • الاستشهاد بالمصدر: Work cat.: (OSt)0: Benacquista, Matthew. 42187, An introduction to the evolution of single and binary stars /, c2013.